Les principaux joueurs de Manchester City (2017-2018) - Statistiques

Statistiques générales
  • Ce quiz a été pris 179 fois
  • Le résultat moyen est 15 sur 21
Statistiques - réponses
Indice Numéro Joueur % Correct
Attaquant argentin 10 Sergio Agüero
95%
Milieu belge 17 Kevin De Bruyne
90%
Gardien chilien 1 Claudio Bravo
88%
Milieu portugais 20 Bernardo Silva
87%
Milieu espagnol 21 David Silva
87%
Défenseur belge 4 Vincent Kompany
87%
Milieu ivoirien 42 Yaya Touré
85%
Attaquant brésilien 33 Gabriel Jesus
81%
Défenseur anglais 5 John Stones
80%
Défenseur français 22 Benjamin Mendy
78%
Milieu brésilien 25 Fernandinho
78%
Défenseur anglais 2 Kyle Walker
78%
Milieu allemand 8 İlkay Gündoğan
76%
Défenseur argentin 30 Nicolás Otamendi
75%
Milieu allemand 19 Leroy Sané
61%
Défenseur français 15 Eliaquim Mangala
58%
Milieu français 11 Samir Nasri
54%
Attaquant ivoirien 14 Wilfried Bony
54%
Défenseur brésilien 3 Danilo
44%
Défenseur belge 28 Jason Denayer
35%
Milieu anglais 7 Raheem Sterling
22%
Aucun quiz correspondant
Distribution des résultats
% des personnes avec chaque résultat
Percentile par nombre de réponses
Votre historique - résultats
Vous n’avez pas pris ce quiz